Un llamamiento hacia la unidad divina: carta a Mikhail Gorbachev de su santidad Imam Jomeini el gran lider de la revolución islamica y fundador de la república islamica de Irán

I tiakina i:
Ngā taipitopito rārangi puna kōrero
Kaituhi matua: Jomeini, Imam (Author)
Hōputu: Pukapuka
Reo:Pāniora
I whakaputaina: Teherán División de Asuntos Internacionales 1993
Ngā marau:
Ngā Tūtohu: Tāpirihia he Tūtohu
Kāore He Tūtohu, Me noho koe te mea tuatahi ki te tūtohu i tēnei pūkete!

MARC

LEADER 00000nam a2200000 a 4500
001 UCH2944
003 CL-VaPUC
008 090709e19930000ir |||||||||||||||||spa|d
082 0 4 |a 297.2  |b JOM  |2 21 
100 0 |a Jomeini, Imam  |e author  |9 538026 
245 1 3 |a Un llamamiento hacia la unidad divina: carta a Mikhail Gorbachev de su santidad Imam Jomeini el gran lider de la revolución islamica y fundador de la república islamica de Irán 
300 |a 31 p 
942 |c BK 
945 |d 20090709 00:00:00  |a rbrito 
260 |a Teherán  |b División de Asuntos Internacionales  |c 1993 
650 0 |a Islamismo  |9 314084 
583 |a last modification  |c 20171114 11:12:25  |k Rodrigo Vera 
999 |c 334603  |d 334601 
952 |0 0  |1 0  |4 0  |6 297_200000000000000_JOM_1993  |7 0  |8 X  |9 423714  |a FDOBUD  |b FDOBUD  |d 2019-11-22  |i 4566718  |o 297.2 JOM 1993  |p 4566718  |r 2019-11-22  |w 2019-11-22  |y BK_X  |k BUD